Statistics for All Wings Of Fire Deaths

Click here to take the quiz!

General Stats

  • This quiz has been taken 134 times
  • The average score is 17 of 78

Answer Stats

BookCharacter% Correct
The Dragonet ProphecyDune
83%
The Dragonet ProphecyKestrel
76%
Escaping PerilScarlet
66%
The Dragonet ProphecyFjord
63%
The Brightest NightBlister
59%
The Dragonet ProphecyHvitur
58%
The Dragonet ProphecyAsha
57%
The Brightest NightBurn
57%
The Dragonet ProphecyGill
55%
The Dragonet ProphecyHorizon
52%
The Dark SecretMorrowseer
49%
The Lost HeirTortoise
46%
The Lost HeirWhirlpool
43%
Moon RisingCarnelian
42%
Moon RisingBigtail
41%
The Dragonet ProphecyOsprey
40%
The Lost HeirCrocodile
37%
The Lost HeirOrca
37%
The Dragonet ProphecyCrane
35%
DarkstalkerArctic
34%
The Dark SecretBattlewinner
33%
The Dark SecretViper
31%
Darkness of DragonsGlacier
30%
The Dragonet ProphecySkyWing Egg
30%
The Dark SecretVengeance
29%
DarkstalkerAlbatross
27%
The Hidden KingdomOrangutan
27%
The Brightest NightPreyhunter
25%
The Hidden KingdomTapir
24%
DarkstalkerLagoon
22%
The Dragonet ProphecyMushroom
22%
Darkness of DragonsNarwhal
22%
The Brightest NightOasis
22%
The Hidden KingdomBright
20%
DarkstalkerQuickdeath
17%
The Lost HeirSeaWing Egg
17%
The Dragonet Prophecy8 IceWings
16%
Talons Of PowerAbalone
16%
The Poison JungleHawthorn
16%
DarkstalkerManta
14%
AssasinQuickstrike
14%
DarkstalkerSplash
14%
AssasinTempest
14%
DarkstalkerReef
13%
DragonslayerSandstorm
12%
Talons Of PowerSnapper
12%
DarkstalkerSunset
12%
The Dragonet ProphecyArbutus
11%
The Dragonet ProphecyCardinal
11%
DarkstalkerEel
10%
The Dangerous GiftJerboa
10%
The Dangerous GiftJerboa II
10%
The Dark SecretFarsight
8%
DarkstalkerHumpback
8%
DarkstalkerScallop
7%
The Hidden Kingdom2 MudWings
6%
AssasinSlaughter
6%
The Dangerous GiftOpal
5%
The Dragonet ProphecyUnnamed scavenger
4%
DarkstalkerUnnamed scavenger
4%
The Brightest Night5 SandWings
2%
DragonslayerRover
2%
The Poison JungleSundew's teacher
2%
Escaping PerilUnknown MudWing
2%
Darkness of DragonsUnknown NightWing
2%
Darkness of DragonsUnknown NightWing
2%
Escaping Peril3 SkyWings
1%
The Brightest NightDragonbite Viper
1%
The Lost ContinentFestoon
1%
DragonslayerRoot
1%
DarkstalkerSeaWing musician
1%
The Dangerous GiftSeveral scavengers
1%
The Poison JungleVenus dragon-trap
1%
DragonslayerFourth dragonmancer
0%
Winter TurningSeveral IceWings
0%
Darkness of DragonsTalons of power guards
0%
The Dark SecretTwo NightWings
0%
Winter TurningUnamed NightWing
0%

Score Distribution

Percentile by Number Answered

Percent of People with Each Score

Your Score History

You have not taken this quiz